000 00672cam a2200241 4500
001 J93019
008 090401t1987 xxu||||| |||| 00| 0 eng d
020 _a085125280X
035 _a(Sirsi) u87566
041 _aeng
050 _a589.2
110 _aBuilding Research Establishment
245 _aCatalogue of the national collection of wood-rotting macro-fungi.
260 _aGarston, Watford
_bBuilding Research Eatablishment
_c1987
350 _a13
490 _aBR
_v121
650 _aNATIONAL COLLECTION OF WOOD-ROTTING MACRO-FUNGI
650 _aNCWRF
650 _aWOOD-ROTTING FUNGI
690 _aBUILT ENVIRONMENT
942 _n0
948 _c22/07/1998
999 _c97248
_d97248